00623nam a22001817a 4500003000400000005001700004008004100021020001500062040002900077100002700106245002900133260003600162300001100198650004700209942001500256952015300271999001700424OSt20250731165038.0250731b |||||||| |||| 00| 0 eng d a0136084974 cChuka University Library aBrown M. howard920859 aMusic In The Renaissance aNew JerseybPrentice Hallc1976 a384 P. a1.mUSIC .....history and criticism 920860 2lcccBKn0 00102lcc40708LGLaCHKbCHGcGENd2025-07-31eFrom Prof. Hummfrey Kirimil0oML 172 .B86 1976p27934/2025r2025-07-31 16:51:36t1w2025-07-31yBK c20146d20146